Hats - Sudden Death - Statistics

General Stats
  • This quiz has been taken 148 times
  • The average score is 10 of 18
Answers on the Grid
Answers color-coded by a green-red scale on the quiz's grid according to % correct below.
Beanie
Bédragglé
Beret
Bespin
Bowler
Buskin
Chemise
Fascinator
Fedora
Feldspar
Fez
Hauberk
Jerkin
Kufi
Mortarboard
Panama
Pauldron
Phrygian Cap
Pillbox
Porkpie
Radiator Cap
Sombrero
Spackle
Stetson
Tam
Tribble
Tricorne
Trilby
Tybalt
Ushanka
 
Answer Stats
Answer % Correct
Beanie
92%
Beret
89%
Bowler
84%
Fedora
84%
Fez
82%
Sombrero
71%
Panama
69%
Stetson
57%
Pillbox
49%
Tricorne
49%
Porkpie
43%
Trilby
41%
Mortarboard
37%
Phrygian Cap
37%
Fascinator
32%
Kufi
30%
Tam
28%
Ushanka
27%
No matching quizzes found
Score Distribution
Percent of People with Each Score
Percentile by Number Answered
Your Score History
You have not taken this quiz